| 000 | 00771cam a2200229 a 4500 | ||
|---|---|---|---|
| 001 | 000012823 | ||
| 005 | 20200929163100.0 | ||
| 008 | 870411s1963 sp b 001 0 spa d | ||
| 040 |
_aDO-SdBNP _bspa _cDLC _dBNPHU |
||
| 082 |
_a346.0163 _bL149p |
||
| 100 | 1 |
_aLacruz Berdejo, José Luis _d(1921-1989) _929657 |
|
| 245 | 1 | 3 |
_aLa potestad doméstica de la mujer casada / _cJosé Luis Lacruz Berdejo. |
| 260 |
_aBarcelona, (España) : _bEdiciones Nauta, _c1963. |
||
| 300 |
_a180 p. ; _c25 cm. |
||
| 490 | 1 | _aFides | |
| 504 | _aIncluye referencias bibliográficas (p. 179-180). | ||
| 650 | 4 |
_aMujeres casadas _xSituación legal _929658 |
|
| 650 | 4 |
_aMujeres casadas _zEspaña _929659 |
|
| 830 | 0 |
_aFides ; _929660 |
|
| 910 | _aCatalogación por copia / LC | ||
| 049 | _aBNGR | ||
| 999 |
_c12473 _d12473 |
||